• 首页
  • 本馆介绍
  • 公告通知
  • 最新文献
  • 馆藏检索
  • 电子资源
  • 读者导购
  • 参考咨询
  • 我的图书馆
  • 登录
  • 详细信息显示
  • 放入我的书架
  • 预约/预借图书
  • 作者相关作品
  • 分类相关作品
  • 丛书相关作品
  • 出版社相关作品

书目信息

  • 表格格式
  • 工作单格式
  • 卡片格式
题名:
法学案例精选
    
 
作者: 李良品
分册:  
出版信息:   青岛海洋大学出版社  
页数: 250
开本: 21cm
丛书名:
单 册:
中图分类: D905
科图分类:
主题词: 法的理论 , 法学
电子资源:
ISBN: 7-81026-631-4
000 00511nam0 2200193 450
001 0760515518
005 20070817164835.51
010    @a7-81026-631-4@d¥5.80
100    @a20070817d km y0chiy0120 ea
101 0  @achi
200 1  @a法学案例精选@Afa xue an li jing xuan@f李良品等@Fli liang pin deng
210    @c青岛海洋大学出版社
215    @a250@d21cm
606 0  @a法的理论
606 0  @a法学
690    @aD905@v3
701  0 @a李良品@Ali liang pin
801  0 @aCN@bPFT@c20070817
905    @a213230@dD905@eg24@f1
    
    法学案例精选/李良品等.-青岛海洋大学出版社
    250;21cm
    
    
    ISBN 7-81026-631-4:¥5.80
    
●
相关链接 在E读中查询图书 在五车中查询图书 在当当中查询图书 在豆瓣中查询图书


正题名:法学案例精选     索取号:D905/g24         预约/预借

序号 登录号 条形码 馆藏地/架位号 状态 备注
1 6500691   265006913   经管系资料室/ [索取号:D905/g24] 在馆    
唐山师范学院图书馆 欢迎您!
大连网信软件有限公司© 版权所有